[Event "Open International Graz"]
[Date "2026.02.14"]
[White "Tetepoulidis, Ioannis"]
[Black "Shengelia, David"]
[WhiteElo "2180"]
[BlackElo "2487"]
[Round "1.1.9"]
[Result "0-1"]

e4 {[%clk 1:30:58]} c5 {[%clk 1:30:54]} Nc3 {[%clk 1:31:24]} e6 {[%clk 1:30:47]}
Nge2 {[%clk 1:31:50]} a6 {[%clk 1:30:38]} g3 {[%clk 1:32:11]} b5 {[%clk
1:30:27]} Bg2 {[%clk 1:32:37]} Bb7 {[%clk 1:30:51]} O-O {[%clk 1:31:42]} b4
{[%clk 1:26:06]} Na4 {[%clk 1:32:05]} Nf6 {[%clk 1:26:14]} d4 {[%clk 1:28:47]}
Bxe4 {[%clk 1:25:18]} Nxc5 {[%clk 1:05:02]} Bxg2 {[%clk 1:24:21]} Kxg2 {[%clk
1:05:28]} Nc6 {[%clk 1:24:10]} a3 {[%clk 1:03:00]} Qb6 {[%clk 1:01:57]} axb4
{[%clk 0:57:14]} Nxb4 {[%clk 1:02:18]} c3 {[%clk 0:54:08]} Nc6 {[%clk 1:02:30]}
b4 {[%clk 0:40:15]} d6 {[%clk 1:02:52]} Nd3 {[%clk 0:40:33]} Be7 {[%clk
1:03:09]} Nef4 {[%clk 0:25:50]} d5 {[%clk 0:53:24]} Qe2 {[%clk 0:17:04]} Qb5
{[%clk 0:37:18]} Nc5 {[%clk 0:12:26]} Qxe2 {[%clk 0:37:42]} Nxe2 {[%clk
0:12:54]} Bxc5 {[%clk 0:38:06]} bxc5 {[%clk 0:09:12]} Nd7 {[%clk 0:32:06]} Bf4
{[%clk 0:09:11]} f6 {[%clk 0:29:19]} Bd6 {[%clk 0:09:10]} Kf7 {[%clk 0:29:31]}
Rfb1 {[%clk 0:09:11]} Ra7 {[%clk 0:29:57]} Ra4 {[%clk 0:05:45]} Rc8 {[%clk
0:27:44]} Nf4 {[%clk 0:03:45]} g5 {[%clk 0:17:14]} Nd3 {[%clk 0:04:12]} a5
{[%clk 0:17:41]} f4 {[%clk 0:02:51]} h6 {[%clk 0:17:52]} Rb5 {[%clk 0:02:18]} g4
{[%clk 0:10:51]} h3 {[%clk 0:02:21]} h5 {[%clk 0:10:11]} hxg4 {[%clk 0:01:42]}
hxg4 {[%clk 0:10:38]} Nf2 {[%clk 0:01:29]} Rg8 {[%clk 0:08:50]} Rb1 {[%clk
0:01:32]} f5 {[%clk 0:07:58]} Be5 {[%clk 0:01:36]} Ndxe5 {[%clk 0:06:59]} fxe5
{[%clk 0:02:00]} Rb8 {[%clk 0:07:22]} Rxb8 {[%clk 0:01:17]} Nxb8 {[%clk
0:07:51]} Nd3 {[%clk 0:00:55]} Nc6 {[%clk 0:08:14]} Ra2 {[%clk 0:01:05]} Rb7
{[%clk 0:07:57]} Rb2 {[%clk 0:01:07]} Rxb2+ {[%clk 0:07:58]} Nxb2 {[%clk
0:01:36]} Ke7 {[%clk 0:02:13]} Kf2 {[%clk 0:01:47]} Kd7 {[%clk 0:02:38]} Ke3
{[%clk 0:01:54]} Ne7 {[%clk 0:02:59]} Nd3 {[%clk 0:01:06]} Ng6 {[%clk 0:02:45]}
Kd2 {[%clk 0:01:12]} Kc6 {[%clk 0:03:02]} Kc2 {[%clk 0:00:58]} f4 {[%clk
0:02:57]} gxf4 {[%clk 0:01:27]} g3 {[%clk 0:03:21]} Ne1 {[%clk 0:01:56]} Nxf4
{[%clk 0:03:44]} Nf3 {[%clk 0:02:15]} Kb5 {[%clk 0:01:55]} Kb3 {[%clk 0:02:42]}
a4+ {[%clk 0:01:24]} Ka3 {[%clk 0:03:02]} Ne2 {[%clk 0:00:52]} Ne1 {[%clk
0:02:17]} Nxc3 {[%clk 0:00:54]} c6 {[%clk 0:02:38]} Ka5 {[%clk 0:00:50]} Ng2
{[%clk 0:02:33]} Nb5+ {[%clk 0:01:14]} Kb2 {[%clk 0:02:58]} Kb6 {[%clk 0:01:22]}

[Variant "Standard"]
[Site "Europe Echecs"]

[Event "Open International Graz"]
[Date "2026.02.14"]
[White "Travadon, Loic"]
[Black "Berikkyzy Alanna"]
[WhiteElo "2483"]
[BlackElo "2179"]
[Round "1.1.10"]
[Result "1-0"]

e4 {[%clk 1:30:58]} c5 {[%clk 1:30:42]} Nf3 {[%clk 1:31:21]} d6 {[%clk 1:31:02]}
d4 {[%clk 1:31:42]} cxd4 {[%clk 1:31:20]} Nxd4 {[%clk 1:32:06]} Nf6 {[%clk
1:31:36]} Nc3 {[%clk 1:32:32]} g6 {[%clk 1:31:49]} Be3 {[%clk 1:31:58]} Bg7
{[%clk 1:31:50]} f3 {[%clk 1:32:18]} O-O {[%clk 1:31:59]} Qd2 {[%clk 1:31:48]}
Nc6 {[%clk 1:32:10]} O-O-O {[%clk 1:31:50]} d5 {[%clk 1:32:14]} Nxc6 {[%clk
1:32:02]} bxc6 {[%clk 1:32:21]} Bc4 {[%clk 1:32:22]} e6 {[%clk 1:29:30]} Bb3
{[%clk 1:32:32]} Qc7 {[%clk 1:26:03]} h4 {[%clk 1:24:37]} Bb7 {[%clk 1:20:17]}
h5 {[%clk 1:19:24]} Rad8 {[%clk 1:15:45]} exd5 {[%clk 1:12:17]} cxd5 {[%clk
1:07:44]} hxg6 {[%clk 1:05:35]} fxg6 {[%clk 1:05:59]} Bf4 {[%clk 1:05:31]} Qf7
{[%clk 1:02:48]} Bh6 {[%clk 1:02:48]} Nd7 {[%clk 0:58:09]} Bxg7 {[%clk 1:02:57]}
Qxg7 {[%clk 0:58:21]} Qe3 {[%clk 1:03:03]} Rfe8 {[%clk 0:54:56]} Qxa7 {[%clk
1:02:35]} Ne5 {[%clk 0:51:47]} Rhe1 {[%clk 1:01:08]} Nc6 {[%clk 0:43:17]} Qb6
{[%clk 0:59:20]} Kh8 {[%clk 0:36:06]} Nb5 {[%clk 0:58:49]} Qf7 {[%clk 0:24:39]}
Nc7 {[%clk 0:56:14]} Re7 {[%clk 0:24:57]} Nxe6 {[%clk 0:56:01]} Rxe6 {[%clk
0:18:01]} Rxe6 {[%clk 0:56:26]} Qxe6 {[%clk 0:18:19]} Qxb7 {[%clk 0:56:51]} Ne7
{[%clk 0:18:09]} Qb4 {[%clk 0:56:51]} Nf5 {[%clk 0:16:47]} Qc3+ {[%clk 0:57:14]}
Kg8 {[%clk 0:17:08]} Qc7 {[%clk 0:57:00]} Rd7 {[%clk 0:17:01]} Qxd7 {[%clk
0:56:24]} Qxd7 {[%clk 0:15:00]} Rxd5 {[%clk 0:56:48]} Qe7 {[%clk 0:14:44]} Re5+
{[%clk 0:56:54]} Kf8 {[%clk 0:15:10]} Rxe7 {[%clk 0:57:20]} Kxe7 {[%clk
0:15:38]} Bg8 {[%clk 0:54:46]} h5 {[%clk 0:15:17]} Kd2 {[%clk 0:46:41]} Nh4
{[%clk 0:14:33]} Bh7 {[%clk 0:46:49]} Kf7 {[%clk 0:10:53]} a4 {[%clk 0:44:05]}
Nxg2 {[%clk 0:10:31]} a5 {[%clk 0:44:28]} h4 {[%clk 0:10:52]} Bg8+ {[%clk
0:39:54]} Ke7 {[%clk 0:09:39]} a6 {[%clk 0:39:12]} h3 {[%clk 0:09:19]} a7 {[%clk
0:39:36]} h2 {[%clk 0:09:18]} a8=Q {[%clk 0:39:59]} h1=Q {[%clk 0:09:43]} Qa7+
{[%clk 0:40:21]} Kf6 {[%clk 0:04:17]} Qd4+ {[%clk 0:40:37]} Ke7 {[%clk 0:01:47]}
Qg7+ {[%clk 0:40:56]} Kd8 {[%clk 0:01:52]} Qf6+ {[%clk 0:40:59]} Kc7 {[%clk
0:02:05]} Qe5+ {[%clk 0:41:23]} Kd8 {[%clk 0:01:55]} Qd6+ {[%clk 0:41:46]} Ke8
{[%clk 0:01:47]} Qxg6+ {[%clk 0:42:07]} Ke7 {[%clk 0:02:08]} Qh7+ {[%clk
0:42:30]}

[Variant "Standard"]
[Site "Europe Echecs"]

[Event "Open International Graz"]
[Date "2026.02.14"]
[White "Shpanko, Nadiia"]
[Black "Ben Ari, Yannay"]
[WhiteElo "2178"]
[BlackElo "2467"]
[Round "1.1.11"]
[Result "0-1"]

d4 {[%clk 1:30:56]} Nf6 {[%clk 1:20:05]} c4 {[%clk 1:30:58]} e6 {[%clk 1:20:27]}
Nf3 {[%clk 1:30:43]} c5 {[%clk 1:19:51]} Nc3 {[%clk 1:30:49]} cxd4 {[%clk
1:19:37]} Nxd4 {[%clk 1:30:55]} Bb4 {[%clk 1:18:08]} Bd2 {[%clk 1:26:17]} O-O
{[%clk 1:07:37]} e3 {[%clk 1:23:04]} Nc6 {[%clk 1:03:59]} Nc2 {[%clk 1:21:16]}
Ba5 {[%clk 0:57:36]} Be2 {[%clk 1:21:24]} d5 {[%clk 0:57:13]} O-O {[%clk
1:19:02]} dxc4 {[%clk 0:49:09]} Na3 {[%clk 1:16:04]} e5 {[%clk 0:43:01]} Nxc4
{[%clk 1:15:58]} Bc7 {[%clk 0:43:17]} Nb5 {[%clk 1:02:05]} Bb8 {[%clk 0:41:16]}
Be1 {[%clk 1:02:19]} Qe7 {[%clk 0:40:31]} Qc2 {[%clk 0:52:33]} e4 {[%clk
0:36:40]} Rd1 {[%clk 0:40:40]} Qc5 {[%clk 0:34:21]} Nd4 {[%clk 0:22:22]} Nxd4
{[%clk 0:28:45]} exd4 {[%clk 0:20:09]} Qc7 {[%clk 0:28:46]} g3 {[%clk 0:09:54]}
Bh3 {[%clk 0:28:40]} d5 {[%clk 0:10:14]} b5 {[%clk 0:17:57]} Ba5 {[%clk
0:08:06]} Qd7 {[%clk 0:14:51]} Ne3 {[%clk 0:06:23]} Bxf1 {[%clk 0:15:14]} Bxf1
{[%clk 0:06:51]} Be5 {[%clk 0:08:05]} Qc6 {[%clk 0:07:17]} a6 {[%clk 0:07:37]}
b3 {[%clk 0:05:48]} g6 {[%clk 0:07:01]} a4 {[%clk 0:05:32]} Rab8 {[%clk
0:03:29]} axb5 {[%clk 0:04:42]} axb5 {[%clk 0:03:54]} Bb4 {[%clk 0:04:08]} Qxc6
{[%clk 0:02:52]} dxc6 {[%clk 0:04:29]} Rfc8 {[%clk 0:03:04]} Nd5 {[%clk
0:03:43]} Kg7 {[%clk 0:03:31]} Ne7 {[%clk 0:03:01]} Rc7 {[%clk 0:03:21]} Kg2
{[%clk 0:01:59]} h5 {[%clk 0:02:48]} h3 {[%clk 0:02:11]} h4 {[%clk 0:02:59]} g4
{[%clk 0:02:35]} Ra8 {[%clk 0:01:04]} Kg1 {[%clk 0:01:40]} Raa7 {[%clk 0:00:58]}
g5 {[%clk 0:01:00]} Nh5 {[%clk 0:01:25]} Nd5 {[%clk 0:00:55]} Rxc6 {[%clk
0:01:51]} Bxb5 {[%clk 0:01:22]} Rc2 {[%clk 0:01:01]} Bc4 {[%clk 0:01:03]} Ra1
{[%clk 0:01:06]} Rxa1 {[%clk 0:01:03]} Bxa1 {[%clk 0:01:33]} Bc5 {[%clk
0:01:27]} Be5 {[%clk 0:00:37]} Be3 {[%clk 0:00:42]} Rb2 {[%clk 0:00:31]} b4
{[%clk 0:15:04]} f5 {[%clk 0:11:13]} gxf6+ {[%clk 0:14:11]} Nxf6 {[%clk
0:11:41]} b5 {[%clk 0:11:27]} Nxd5 {[%clk 0:09:26]} Bxd5 {[%clk 0:11:50]} Rxb5
{[%clk 0:09:54]} Bxe4 {[%clk 0:12:16]} Rb4 {[%clk 0:10:10]} Bd3 {[%clk 0:11:34]}
Bd4 {[%clk 0:09:33]} Bg5 {[%clk 0:10:08]} Rb3 {[%clk 0:09:45]}

[Variant "Standard"]
[Site "Europe Echecs"]

[Event "Open International Graz"]
[Date "2026.02.14"]
[White "Maier, Tobias"]
[Black "Zverev, Lev"]
[WhiteElo "2168"]
[BlackElo "2453"]
[Round "1.1.12"]
[Result "0-1"]

e4 {[%clk 1:30:58]} e5 {[%clk 1:30:53]} Nf3 {[%clk 1:31:25]} Nc6 {[%clk
1:31:13]} Bc4 {[%clk 1:31:51]} Bc5 {[%clk 1:31:35]} c3 {[%clk 1:32:17]} Nf6
{[%clk 1:31:58]} d3 {[%clk 1:32:44]} d6 {[%clk 1:32:20]} a4 {[%clk 1:33:02]} a5
{[%clk 1:32:20]} O-O {[%clk 1:33:20]} O-O {[%clk 1:32:30]} h3 {[%clk 1:33:38]}
h6 {[%clk 1:32:29]} Nbd2 {[%clk 1:34:00]} Be6 {[%clk 1:31:27]} Re1 {[%clk
1:34:15]} Ba7 {[%clk 1:20:37]} Bb3 {[%clk 1:33:11]} Re8 {[%clk 1:16:15]} Nf1
{[%clk 1:30:18]} d5 {[%clk 1:16:24]} exd5 {[%clk 1:23:33]} Nxd5 {[%clk 1:16:19]}
Ng3 {[%clk 1:20:19]} Qd6 {[%clk 1:07:59]} Ne4 {[%clk 1:16:26]} Qe7 {[%clk
1:06:18]} Bd2 {[%clk 0:57:00]} Rad8 {[%clk 1:02:29]} Qc1 {[%clk 0:52:09]} f5
{[%clk 0:58:13]} Ng3 {[%clk 0:50:54]} Qf6 {[%clk 0:57:12]} Bd1 {[%clk 0:40:13]}
Bf7 {[%clk 0:54:58]} Ng5 {[%clk 0:28:42]} hxg5 {[%clk 0:51:08]} Bxg5 {[%clk
0:28:53]} Qg6 {[%clk 0:47:56]} Bh5 {[%clk 0:28:46]} Qh7 {[%clk 0:48:13]} Bxf7+
{[%clk 0:25:37]} Kxf7 {[%clk 0:48:41]} Bxd8 {[%clk 0:25:54]} Rxd8 {[%clk
0:46:47]} Qg5 {[%clk 0:25:56]} Nde7 {[%clk 0:46:47]} b4 {[%clk 0:18:32]} axb4
{[%clk 0:45:48]} cxb4 {[%clk 0:18:53]} Rd6 {[%clk 0:43:27]} b5 {[%clk 0:10:48]}
Rg6 {[%clk 0:43:39]} Qc1 {[%clk 0:06:28]} Rxg3 {[%clk 0:43:44]} Kh2 {[%clk
0:06:16]} Bxf2 {[%clk 0:40:36]} Qc4+ {[%clk 0:03:37]} Kf8 {[%clk 0:39:48]} bxc6
{[%clk 0:03:50]} Qg6 {[%clk 0:40:00]} Rg1 {[%clk 0:00:31]} Bxg1+ {[%clk
0:40:21]} Rxg1 {[%clk 0:00:54]} Nxc6 {[%clk 0:40:06]} Qc5+ {[%clk 0:00:40]} Ke8
{[%clk 0:40:13]} Qb5 {[%clk 0:00:32]} f4 {[%clk 0:39:56]} Qxb7 {[%clk 0:00:31]}
f3 {[%clk 0:40:13]}

[Variant "Standard"]
[Site "Europe Echecs"]

[Event "Open International Graz"]
[Date "2026.02.14"]
[White "Diermair, Andreas"]
[Black "Dushatov, Timur"]
[WhiteElo "2447"]
[BlackElo "2167"]
[Round "1.1.13"]
[Result "1-0"]

Nf3 {[%clk 1:30:57]} Nf6 {[%clk 1:30:54]} g3 {[%clk 1:31:18]} b5 {[%clk
1:31:02]} Bg2 {[%clk 1:29:27]} Bb7 {[%clk 1:31:25]} d3 {[%clk 1:29:41]} e6
{[%clk 1:31:43]} e4 {[%clk 1:29:00]} d6 {[%clk 1:32:05]} O-O {[%clk 1:27:53]}
Nbd7 {[%clk 1:31:28]} Nd4 {[%clk 1:25:07]} a6 {[%clk 1:29:42]} Nb3 {[%clk
1:24:34]} c5 {[%clk 1:28:31]} a4 {[%clk 1:24:21]} Qc7 {[%clk 1:19:12]} Re1
{[%clk 1:17:48]} c4 {[%clk 1:10:03]} Nd4 {[%clk 1:16:29]} cxd3 {[%clk 1:08:02]}
cxd3 {[%clk 1:16:08]} b4 {[%clk 0:56:46]} Be3 {[%clk 1:12:40]} Nc5 {[%clk
0:53:52]} Nb3 {[%clk 1:09:30]} Rd8 {[%clk 0:45:40]} Qc2 {[%clk 1:05:52]} Qd7
{[%clk 0:43:36]} Na5 {[%clk 1:00:45]} Ng4 {[%clk 0:21:20]} Bg5 {[%clk 0:52:20]}
Rc8 {[%clk 0:19:15]} Nxb7 {[%clk 0:48:52]} Nxb7 {[%clk 0:18:20]} Qe2 {[%clk
0:49:06]} Ne5 {[%clk 0:17:42]} d4 {[%clk 0:46:28]} Nc6 {[%clk 0:17:06]} Be3
{[%clk 0:45:53]} g6 {[%clk 0:10:32]} Qxa6 {[%clk 0:43:00]} Bg7 {[%clk 0:10:40]}
Qd3 {[%clk 0:43:11]} e5 {[%clk 0:09:00]} d5 {[%clk 0:37:22]} Nd4 {[%clk
0:09:23]} Bxd4 {[%clk 0:36:07]} exd4 {[%clk 0:09:46]} e5 {[%clk 0:34:08]} dxe5
{[%clk 0:07:57]} Qxd4 {[%clk 0:33:34]} Qe7 {[%clk 0:07:42]} Qb6 {[%clk 0:31:19]}
O-O {[%clk 0:07:03]} Nd2 {[%clk 0:30:03]} Rfd8 {[%clk 0:03:08]} a5 {[%clk
0:26:34]} Rb8 {[%clk 0:02:34]} a6 {[%clk 0:24:33]} Nd6 {[%clk 0:02:52]} Qa5
{[%clk 0:24:23]} Qa7 {[%clk 0:02:48]} Nb3 {[%clk 0:20:39]} Rdc8 {[%clk 0:01:40]}
Rac1 {[%clk 0:19:59]} Bf8 {[%clk 0:01:40]} Rc6 {[%clk 0:18:39]} Rb5 {[%clk
0:01:22]} Qa4 {[%clk 0:17:47]} Rbb8 {[%clk 0:01:29]} Rec1 {[%clk 0:17:13]} Kg7
{[%clk 0:01:34]} Na5 {[%clk 0:09:31]} e4 {[%clk 0:00:45]} Rxc8 {[%clk 0:09:13]}
Rxc8 {[%clk 0:00:58]} Rxc8 {[%clk 0:07:19]} Nxc8 {[%clk 0:01:22]} Nc6 {[%clk
0:07:17]} Qc5 {[%clk 0:00:40]} Bxe4 {[%clk 0:06:28]} Na7 {[%clk 0:00:59]} Kg2
{[%clk 0:01:42]} Qc4 {[%clk 0:13:34]} Bf3 {[%clk 0:14:13]} Bc5 {[%clk 0:13:23]}
Qd1 {[%clk 0:09:18]} Qxa6 {[%clk 0:10:01]} Nxb4 {[%clk 0:09:34]} Qb6 {[%clk
0:09:48]} Nd3 {[%clk 0:09:56]} Bd6 {[%clk 0:10:14]} Qc2 {[%clk 0:08:34]} Qb5
{[%clk 0:08:09]} Qc3+ {[%clk 0:08:45]} Kg8 {[%clk 0:08:13]} Qf6 {[%clk 0:06:30]}
Qb8 {[%clk 0:08:19]} h4 {[%clk 0:05:55]} Qc7 {[%clk 0:04:44]} h5 {[%clk
0:04:28]} Bf8 {[%clk 0:03:22]} hxg6 {[%clk 0:04:10]} hxg6 {[%clk 0:03:40]} b4
{[%clk 0:03:55]} Nb5 {[%clk 0:03:27]} Qc6 {[%clk 0:03:52]} Qb8 {[%clk 0:02:52]}
Qc4 {[%clk 0:02:42]} Nd6 {[%clk 0:02:40]} Qf4 {[%clk 0:02:13]} Qb5 {[%clk
0:02:45]} Ne5 {[%clk 0:03:06]} Qe8 {[%clk 0:02:41]} Nc6 {[%clk 0:01:57]} Qe1
{[%clk 0:02:10]} Qf6 {[%clk 0:01:11]} Ne4 {[%clk 0:01:36]} Bxe4 {[%clk 0:01:20]}
Qxe4+ {[%clk 0:02:02]} Qf3 {[%clk 0:01:43]} Qe8 {[%clk 0:01:34]} Qd3 {[%clk
0:01:34]} Bd6 {[%clk 0:01:48]} Kf1 {[%clk 0:01:07]} Qa8 {[%clk 0:01:40]} b5
{[%clk 0:01:09]} Qa1+ {[%clk 0:01:59]} Kg2 {[%clk 0:01:33]} Qb2 {[%clk 0:02:21]}
Qc4 {[%clk 0:01:20]} Qb1 {[%clk 0:01:27]} Na7 {[%clk 0:01:08]} Qb2 {[%clk
0:01:12]} Nc8 {[%clk 0:00:51]} Be5 {[%clk 0:00:56]} Ne7+ {[%clk 0:01:04]} Kg7
{[%clk 0:01:10]} Nc6 {[%clk 0:01:25]} Bf6 {[%clk 0:01:26]} Qd3 {[%clk 0:01:30]}
Qa2 {[%clk 0:00:36]} d6 {[%clk 0:01:40]} Qa8 {[%clk 0:00:41]} d7 {[%clk
0:01:50]} Bd8 {[%clk 0:00:53]} Qd4+ {[%clk 0:02:07]} Kg8 {[%clk 0:01:18]} Kh2
{[%clk 0:02:27]} g5 {[%clk 0:00:59]} Qe4 {[%clk 0:02:06]} Kg7 {[%clk 0:01:09]}
Qe5+ {[%clk 0:01:56]} Kg6 {[%clk 0:01:13]} Kg2 {[%clk 0:01:29]} Bf6 {[%clk
0:01:04]} Qxf6+ {[%clk 0:01:39]} Kxf6 {[%clk 0:01:28]} d8=Q+ {[%clk 0:02:07]}

[Variant "Standard"]
[Site "Europe Echecs"]

[Event "Open International Graz"]
[Date "2026.02.14"]
[White "Sivanandan, Bodhana"]
[Black "Balint, Peter"]
[WhiteElo "2163"]
[BlackElo "2444"]
[Round "1.1.14"]
[Result "1-0"]

e4 {[%clk 1:27:39]} c5 {[%clk 1:30:09]} Nf3 {[%clk 1:27:30]} d6 {[%clk 1:30:26]}
Bb5+ {[%clk 1:27:21]} Nd7 {[%clk 1:30:47]} O-O {[%clk 1:27:03]} a6 {[%clk
1:30:20]} Bxd7+ {[%clk 1:26:33]} Bxd7 {[%clk 1:29:38]} d4 {[%clk 1:26:06]} cxd4
{[%clk 1:29:56]} Qxd4 {[%clk 1:26:16]} Nf6 {[%clk 1:29:28]} Bg5 {[%clk 1:25:30]}
h6 {[%clk 0:56:46]} Bxf6 {[%clk 1:23:15]} gxf6 {[%clk 0:56:50]} c4 {[%clk
1:18:35]} Rc8 {[%clk 0:28:24]} Nc3 {[%clk 1:10:31]} Qc7 {[%clk 0:27:18]} b3
{[%clk 1:10:22]} Qc5 {[%clk 0:27:40]} Qd3 {[%clk 1:08:27]} e6 {[%clk 0:23:57]}
Rac1 {[%clk 1:06:41]} Be7 {[%clk 0:20:55]} Rfe1 {[%clk 1:04:07]} Qh5 {[%clk
0:17:43]} Rcd1 {[%clk 1:02:12]} Kf8 {[%clk 0:11:57]} e5 {[%clk 0:54:43]} fxe5
{[%clk 0:12:06]} Nxe5 {[%clk 0:54:46]} Be8 {[%clk 0:10:01]} Nf3 {[%clk 0:53:18]}
Rg8 {[%clk 0:09:39]} Ne4 {[%clk 0:49:28]} Bc6 {[%clk 0:06:12]} Nd4 {[%clk
0:45:22]} Qg6 {[%clk 0:06:33]} g3 {[%clk 0:44:31]} Kg7 {[%clk 0:03:01]} Nxc6
{[%clk 0:43:49]} Rxc6 {[%clk 0:03:26]} Qd4+ {[%clk 0:43:05]} Kh7 {[%clk
0:03:51]} Qa7 {[%clk 0:42:31]} Rc7 {[%clk 0:01:20]} Qb6 {[%clk 0:40:16]} Rgc8
{[%clk 0:00:31]} Nxd6 {[%clk 0:35:06]} Bxd6 {[%clk 0:00:38]} Qxd6 {[%clk
0:34:18]} b5 {[%clk 0:01:05]} cxb5 {[%clk 0:33:40]} axb5 {[%clk 0:01:33]} Qb4
{[%clk 0:32:48]} Rc2 {[%clk 0:01:44]} Qxb5 {[%clk 0:30:46]} Rxa2 {[%clk
0:02:09]} Re3 {[%clk 0:25:37]} Rcc2 {[%clk 0:01:41]} Rf3 {[%clk 0:24:57]} Rd2
{[%clk 0:01:53]} Rxd2 {[%clk 0:24:38]} Rxd2 {[%clk 0:02:15]} Qb7 {[%clk
0:24:20]} Kg8 {[%clk 0:01:14]} b4 {[%clk 0:22:29]} Qh5 {[%clk 0:01:36]} Kg2
{[%clk 0:21:33]} Rd5 {[%clk 0:01:31]} h3 {[%clk 0:18:33]} Kg7 {[%clk 0:00:56]}
Rf4 {[%clk 0:15:46]} Rd2 {[%clk 0:00:43]} Qe7 {[%clk 0:12:52]} Qd5+ {[%clk
0:00:51]} Kh2 {[%clk 0:11:48]} e5 {[%clk 0:00:39]} Rg4+ {[%clk 0:11:46]} Kh7
{[%clk 0:01:01]} Qf6 {[%clk 0:11:58]}

[Variant "Standard"]
[Site "Europe Echecs"]

[Event "Open International Graz"]
[Date "2026.02.14"]
[White "Tisaj, Domen"]
[Black "Praveen K B"]
[WhiteElo "2436"]
[BlackElo "2158"]
[Round "1.1.15"]
[Result "1-0"]

e4 {[%clk 1:29:51]} c5 {[%clk 1:30:47]} Nf3 {[%clk 1:30:00]} d6 {[%clk 1:30:58]}
d4 {[%clk 1:30:17]} cxd4 {[%clk 1:31:09]} Qxd4 {[%clk 1:29:35]} Nc6 {[%clk
1:30:40]} Qd3 {[%clk 1:29:56]} Nf6 {[%clk 1:29:36]} Nc3 {[%clk 1:30:08]} e6
{[%clk 1:25:22]} Bf4 {[%clk 1:29:28]} a6 {[%clk 1:18:58]} O-O-O {[%clk 1:26:24]}
e5 {[%clk 1:18:39]} Bg5 {[%clk 1:26:04]} Be6 {[%clk 1:18:42]} Nd5 {[%clk
1:25:01]} Bxd5 {[%clk 1:17:31]} exd5 {[%clk 1:25:03]} Ne7 {[%clk 1:12:58]} Bxf6
{[%clk 1:23:57]} gxf6 {[%clk 1:13:25]} Nh4 {[%clk 1:22:39]} Qd7 {[%clk 1:09:11]}
g3 {[%clk 1:17:19]} Rc8 {[%clk 1:05:44]} Kb1 {[%clk 1:16:48]} Rc5 {[%clk
1:01:42]} Qf3 {[%clk 1:13:41]} Bg7 {[%clk 0:53:01]} Bd3 {[%clk 1:12:01]} Qa4
{[%clk 0:44:23]} Rhe1 {[%clk 1:10:26]} h5 {[%clk 0:33:48]} Be4 {[%clk 0:45:14]}
Qd7 {[%clk 0:25:28]} h3 {[%clk 0:43:05]} b5 {[%clk 0:17:47]} Rg1 {[%clk
0:37:31]} Rh6 {[%clk 0:13:43]} g4 {[%clk 0:33:15]} hxg4 {[%clk 0:13:28]} Rxg4
{[%clk 0:33:40]} Rxh4 {[%clk 0:11:29]} Rxh4 {[%clk 0:34:00]} f5 {[%clk 0:11:52]}
Qg2 {[%clk 0:33:18]} Ng6 {[%clk 0:11:31]} Rh7 {[%clk 0:33:29]} Kf8 {[%clk
0:11:25]} Bf3 {[%clk 0:32:53]} Kg8 {[%clk 0:10:59]} Rh5 {[%clk 0:31:43]} e4
{[%clk 0:08:50]} Be2 {[%clk 0:31:45]} Qc8 {[%clk 0:09:09]} Rc1 {[%clk 0:29:57]}
Rxd5 {[%clk 0:08:05]} Rg5 {[%clk 0:30:00]} Qe8 {[%clk 0:06:32]} Bh5 {[%clk
0:28:49]} Qe5 {[%clk 0:06:26]} c3 {[%clk 0:29:18]} b4 {[%clk 0:04:57]} Bxg6
{[%clk 0:28:22]} bxc3 {[%clk 0:03:53]} Bh5 {[%clk 0:28:40]} Rd2 {[%clk 0:02:56]}
Rc2 {[%clk 0:21:28]} Rd3 {[%clk 0:01:40]} Rxc3 {[%clk 0:21:28]} Rd2 {[%clk
0:01:07]} Bxf7+ {[%clk 0:20:53]} Kf8 {[%clk 0:00:55]} Rxg7 {[%clk 0:21:16]} Qd4
{[%clk 0:00:37]} Rc8+ {[%clk 0:21:24]} Ke7 {[%clk 0:01:03]} Bc4+ {[%clk
0:21:22]} Kf6 {[%clk 0:01:14]} Qg5+ {[%clk 0:21:43]} Ke5 {[%clk 0:01:07]}

[Variant "Standard"]
[Site "Europe Echecs"]

[Event "Open International Graz"]
[Date "2026.02.14"]
[White "Vaidyanathan, Kannan"]
[Black "Shahil Dey"]
[WhiteElo "2153"]
[BlackElo "2435"]
[Round "1.1.16"]
[Result "0-1"]

d4 {[%clk 1:30:54]} Nf6 {[%clk 1:30:47]} c4 {[%clk 1:31:08]} e6 {[%clk 1:30:56]}
Nc3 {[%clk 1:31:13]} Bb4 {[%clk 1:31:19]} e3 {[%clk 1:31:12]} O-O {[%clk
1:31:39]} Ne2 {[%clk 1:31:07]} Re8 {[%clk 1:31:44]} a3 {[%clk 1:30:34]} Bf8
{[%clk 1:32:09]} Ng3 {[%clk 1:29:41]} d5 {[%clk 1:31:16]} Bd3 {[%clk 1:27:24]}
Nbd7 {[%clk 1:18:24]} O-O {[%clk 1:24:22]} b6 {[%clk 1:16:09]} Qc2 {[%clk
1:16:52]} Bb7 {[%clk 1:13:28]} e4 {[%clk 1:14:58]} c5 {[%clk 1:07:29]} e5 {[%clk
1:02:04]} dxc4 {[%clk 1:07:33]} Bxc4 {[%clk 1:01:53]} Ng4 {[%clk 0:56:55]} Nce4
{[%clk 0:43:46]} cxd4 {[%clk 0:56:18]} f4 {[%clk 0:43:51]} Nc5 {[%clk 0:51:55]}
Nxc5 {[%clk 0:39:57]} Qh4 {[%clk 0:51:04]} h3 {[%clk 0:37:37]} Bxc5 {[%clk
0:50:06]} Bd3 {[%clk 0:35:01]} Qxg3 {[%clk 0:47:14]} hxg4 {[%clk 0:35:05]} Be4
{[%clk 0:34:10]} Rd1 {[%clk 0:34:34]} Qxg4 {[%clk 0:33:50]} Re1 {[%clk 0:28:10]}
Bg6 {[%clk 0:29:47]} b4 {[%clk 0:26:22]} Be7 {[%clk 0:30:12]} Bxg6 {[%clk
0:25:48]} hxg6 {[%clk 0:29:43]} Qd3 {[%clk 0:20:44]} Bh4 {[%clk 0:28:20]} Rf1
{[%clk 0:20:25]} Red8 {[%clk 0:27:07]} Rf3 {[%clk 0:17:22]} Rac8 {[%clk
0:24:28]} Bb2 {[%clk 0:17:03]} Rc7 {[%clk 0:23:01]} Rc1 {[%clk 0:16:14]} Rxc1+
{[%clk 0:22:47]} Bxc1 {[%clk 0:16:43]} Qf5 {[%clk 0:20:14]} Bb2 {[%clk 0:14:40]}
Be7 {[%clk 0:19:47]} Qxf5 {[%clk 0:12:18]} gxf5 {[%clk 0:19:49]} Rd3 {[%clk
0:12:40]} a5 {[%clk 0:18:01]} Rxd4 {[%clk 0:12:28]} Rxd4 {[%clk 0:18:11]} Bxd4
{[%clk 0:12:56]} axb4 {[%clk 0:18:29]} axb4 {[%clk 0:13:21]} b5 {[%clk 0:18:56]}
Bc3 {[%clk 0:13:36]} f6 {[%clk 0:14:51]} exf6 {[%clk 0:08:50]} Bxf6 {[%clk
0:14:44]} Bd2 {[%clk 0:09:11]} Kf7 {[%clk 0:14:40]} Kf2 {[%clk 0:09:17]} Ke7
{[%clk 0:15:01]} Ke2 {[%clk 0:09:21]} Kd6 {[%clk 0:15:27]} Kd3 {[%clk 0:14:27]}
Kd5 {[%clk 0:30:45]} Be3 {[%clk 0:14:05]} Be7 {[%clk 0:31:08]} Bd2 {[%clk
0:13:55]} Bd6 {[%clk 0:31:29]} g3 {[%clk 0:13:34]} e5 {[%clk 0:31:56]} fxe5
{[%clk 0:13:21]} Bxe5 {[%clk 0:32:21]} Be1 {[%clk 0:13:41]} Bd6 {[%clk 0:32:11]}
Bc3 {[%clk 0:12:39]} g6 {[%clk 0:32:16]} Be1 {[%clk 0:13:03]} Bb8 {[%clk
0:32:22]} Bf2 {[%clk 0:08:21]} Bc7 {[%clk 0:32:48]} Be1 {[%clk 0:06:52]} Bd6
{[%clk 0:32:50]} Bf2 {[%clk 0:05:05]} Bxb4 {[%clk 0:33:05]} Be3 {[%clk 0:04:54]}
Bd6 {[%clk 0:33:28]} Bf2 {[%clk 0:05:14]} g5 {[%clk 0:33:42]} Be3 {[%clk
0:05:30]} g4 {[%clk 0:34:05]} Bf2 {[%clk 0:05:57]} b4 {[%clk 0:34:19]} Be1
{[%clk 0:05:59]} b3 {[%clk 0:34:45]} Bf2 {[%clk 0:06:26]} b2 {[%clk 0:35:10]}
Kc2 {[%clk 0:06:53]} Be5 {[%clk 0:35:38]} Be1 {[%clk 0:07:03]} Ke4 {[%clk
0:36:04]} Kb1 {[%clk 0:07:13]} Kf3 {[%clk 0:36:30]} Kc2 {[%clk 0:07:38]} Bxg3
{[%clk 0:36:34]} Bc3 {[%clk 0:08:02]} Bf2 {[%clk 0:37:00]} Be5 {[%clk 0:08:25]}
f4 {[%clk 0:37:27]} Kxb2 {[%clk 0:08:40]} g3 {[%clk 0:37:55]} Kc2 {[%clk
0:08:59]} g2 {[%clk 0:38:22]} Kd3 {[%clk 0:09:25]} g1=Q {[%clk 0:38:47]} Kd2
{[%clk 0:09:50]} Qe1+ {[%clk 0:39:13]} Kd3 {[%clk 0:10:18]} Qxe5 {[%clk
0:39:40]} Kd2 {[%clk 0:10:42]} Qb2+ {[%clk 0:39:53]} Kd3 {[%clk 0:11:05]} Qb3+
{[%clk 0:40:20]} Kd2 {[%clk 0:11:32]} Be3+ {[%clk 0:40:47]} Ke1 {[%clk 0:11:58]}
Qb1# {[%clk 0:41:16]}

[Variant "Standard"]
[Site "Europe Echecs"]